01455nam a22002777a 450000100030000000300040000300500170000700800410002402000180006504000080008304100080009108200200009910000270011924500650014626000330021130000110024452007920025565000260104765000190107365000110109265000210110365000130112465000120113765500120114965500160116190OSt20250528074011.0250124b |||||||g |||| 00| 1 eng d a9788501079930 bpor hpor aIJ 028.5bC142m1 aCalado, Ivanir,d1953- aMundo de SombrasbO nascimento do vampiro /cCalado, Ivanir  aRio de JaneirobRecordc2007 a351 p. aLucinha, uma garota cheia de vida e fogo, morre de uma anemia tão súbita e profunda que seus colegas Júlio e Daniel acham impossível não concluir: foi atacada por um vampiro. Mas a hipótese quase cômica pode se virar contra eles: os dois acabam suspeitos de violação de túmulo, desaparecimento de cadáver e até mesmo de provocar várias mortes. É necessário investigar, usar as armas da ciência para entender a continuidade de um mito absurdo em pleno século XXI. Mas o que realmente estará à prova é a amizade. Quando fica evidente que a única maneira de preservar o amigo talvez seja provocando sua morte, Júlio e Daniel se descobrem numa guerra pessoal que irá fazer com que penetrem cada vez mais num mundo de sombras: o mundo do vampiro. 0aLiteratura Brasileira 0aInfantojuvenil 0aTerror 0aSeres mágicos  0aFantasia 0aSombrio 0aRomance 0aFicção